[Event "XV C.to Mondiale seniores"]
[Site "Lignano Sabbiadoro ITA"]
[Date "2005.09.28"]
[Round "1"]
[White "Olsen, Willy L."]
[Black "Asmundsson, Ingvar"]
[Result "0-1"]
[WhiteElo "2036"]
[BlackElo "2299"]
[PlyCount "94"]
[EventDate "2005.09.28"]

1. d4 Nf6 2. c4 d6 3. Nc3 Nbd7 4. e4 e5 5. d5 Nc5 6. Bg5 Be7 7. Bxf6 Bxf6 8. b4
Nd7 9. Bd3 O-O 10. Nge2 a5 11. a3 c6 12. O-O g6 13. Qc2 Bg7 14. Qd2 Qb6 15. Na4
Qc7 16. Nec3 Nb6 17. Qe3 Nd7 18. c5 f5 19. dxc6 bxc6 20. cxd6 Qxd6 21. Bc4+ Kh8
22. Rfd1 Qe7 23. b5 Bb7 24. bxc6 Bxc6 25. f3 Rac8 26. Bd5 Bxa4 27. Nxa4 Nf6 28.
Rac1 fxe4 29. Bxe4 Nxe4 30. Rxc8 Rxc8 31. fxe4 Bf8 32. Rc1 Rxc1+ 33. Qxc1 Qxa3
34. Qc6 Qe3+ 35. Kf1 Qf4+ 36. Kg1 Bb4 37. g3 Qg5 38. Kg2 Kg7 39. Qb7+ Qe7 40.
Qc6 Qd6 41. Qb7+ Kh6 42. h4 Qd3 43. Qd5 Qc2+ 44. Kh3 Qxa4 45. Qxe5 Qd7+ 46. Kh2
Qe7 47. Qf4+ Kg7 0-1

[Event "XV C.to Mondiale seniores"]
[Site "Lignano Sabbiadoro ITA"]
[Date "2005.09.28"]
[Round "1"]
[White "Pagnutti, Lorenzo"]
[Black "Joksic, Sinisa"]
[Result "0-1"]
[WhiteElo "2014"]
[BlackElo "2282"]
[PlyCount "82"]
[EventDate "2005.09.28"]

1. e4 c5 2. c3 e6 3. d4 d5 4. e5 a6 5. Bd3 Nc6 6. Nf3 f5 7. O-O Be7 8. b3 b5 9.
a4 c4 10. axb5 Na5 11. bxc4 dxc4 12. Bc2 axb5 13. Na3 Nc6 14. Bb2 Ra5 15. Qb1
Qd5 16. Bd1 g5 17. Nc2 g4 18. Nd2 Bg5 19. f4 Bd8 20. Re1 Nge7 21. Nf1 Bb7 22.
Nfe3 Qd7 23. Ba3 Ng6 24. g3 Nce7 25. Bxe7 Nxe7 26. Be2 h5 27. Bf1 h4 28. Bg2
Bxg2 29. Nxg2 hxg3 30. hxg3 Rh3 31. Rxa5 Bxa5 32. Qa1 Qc7 33. Rb1 Rxg3 34. Rxb5
Rxg2+ 35. Kf1 Qc6 36. Rb8+ Bd8 37. Ne1 Rh2 38. d5 Qxd5 39. Qa8 Qxa8 40. Rxa8
Nd5 41. Ng2 Rh3 0-1

[Event "XV C.to Mondiale seniores"]
[Site "Lignano Sabbiadoro ITA"]
[Date "2005.09.28"]
[Round "1"]
[White "Parla, Aldo"]
[Black "Zilahi, Gabor"]
[Result "0-1"]
[WhiteElo "1610"]
[BlackElo "2117"]
[PlyCount "70"]
[EventDate "2005.09.28"]

1. f4 d5 2. Nf3 g6 3. e3 Bg7 4. d4 Nh6 5. c4 c6 6. Nc3 O-O 7. Bd3 Bf5 8. O-O e6
9. c5 Nd7 10. Bxf5 exf5 11. h3 Re8 12. b4 a5 13. b5 Nxc5 14. bxc6 bxc6 15. Ne5
Ne4 16. Nxe4 fxe4 17. Nxc6 Qd6 18. Ne5 f6 19. Ng4 Nf5 20. a4 h5 21. Nh2 h4 22.
Re1 Rec8 23. Ba3 Qd7 24. Bc5 Bf8 25. Ng4 Kg7 26. Bxf8+ Rxf8 27. Rb1 Rab8 28.
Rxb8 Rxb8 29. Qc2 Rb4 30. Ra1 Rc4 31. Qb3 Qc7 32. Kh2 g5 33. Kg1 Ng3 34. fxg5
Rc1+ 35. Rxc1 Qxc1+ 0-1

[Event "XV C.to Mondiale seniores"]
[Site "Lignano Sabbiadoro ITA"]
[Date "2005.09.28"]
[Round "1"]
[White "Recubini, Dante"]
[Black "Strenzwilk, Denis"]
[Result "0-1"]
[WhiteElo "1481"]
[BlackElo "2104"]
[PlyCount "132"]
[EventDate "2005.09.28"]

1. e4 c5 2. Nf3 Nc6 3. d4 cxd4 4. Nxd4 Nf6 5. Nc3 d6 6. Bb5 Bd7 7. O-O e6 8.
Bg5 Be7 9. Re1 O-O 10. Qd2 Rc8 11. a3 a6 12. Bxc6 Bxc6 13. Nxc6 Rxc6 14. Qe2
Nxe4 15. Bxe7 Nxc3 16. Bxd8 Nxe2+ 17. Rxe2 Rxd8 18. c3 g6 19. h4 Kg7 20. g4 Rc4
21. f3 h5 22. Rg2 hxg4 23. fxg4 d5 24. Kf2 d4 25. Rd1 Rd5 26. Rg3 dxc3 27. Rxd5
c2 28. Rg1 exd5 29. Rc1 Rxg4 30. Rxc2 Rxh4 31. Kg3 Rc4 32. Rd2 Rc7 33. Kf4 Rd7
34. Ke5 d4 35. Ke4 d3 36. Ke5 Re7+ 37. Kf4 Re2 38. Rxd3 Rxb2 39. Ke5 b5 40. Rd7
Re2+ 41. Kf4 Re6 42. Rd5 Rb6 43. Ke4 b4 44. a4 b3 45. Rd1 Rb4+ 46. Kd3 Rxa4 47.
Kc3 a5 48. Kxb3 Re4 49. Kc3 a4 50. Kb2 Re3 51. Rd7 a3+ 52. Ka2 g5 53. Rd4 Kg6
54. Rc4 f5 55. Kb1 f4 56. Kc2 Kf5 57. Kd2 Kg4 58. Rc1 a2 59. Rf1 Rb3 60. Ra1
Rh3 61. Ke2 Kf5 62. Kf2 g4 63. Kg1 Ra3 64. Kg2 Ke4 65. Kf2 Kd3 66. Ke1 Kc2 0-1

[Event "XV C.to Mondiale seniores"]
[Site "Lignano Sabbiadoro ITA"]
[Date "2005.09.28"]
[Round "1"]
[White "Rosenfeld, Imre"]
[Black "Hecht, Hans-Joachim"]
[Result "0-1"]
[WhiteElo "2047"]
[BlackElo "2388"]
[PlyCount "95"]
[EventDate "2005.09.28"]

1. d4 Nf6 2. Nf3 b6 3. e3 Bb7 4. Bd3 g6 5. Nbd2 d5 6. O-O Bg7 7. c3 O-O 8. Ne5
c5 9. Qe2 Nbd7 10. f4 Qc7 11. Ndf3 Ne4 12. Bd2 Ndf6 13. Be1 Nd6 14. Bh4 Nfe4
15. Nd2 f6 16. Nef3 Rae8 17. Rac1 Nxd2 18. Qxd2 Bc8 19. h3 c4 20. Bb1 Bf5 21.
Bxf5 Nxf5 22. g4 Nd6 23. Qd1 Qd7 24. Bg3 b5 25. Kg2 a5 26. a3 Ne4 27. Nd2 Nxg3
28. Kxg3 e5 29. Qf3 Bh6 30. Rcd1 exf4+ 31. exf4 Qd6 32. Kg2 Re7 33. Rf2 Rfe8
34. Nf1 Re4 35. f5 Re3 36. Nxe3 Rxe3 37. Qxe3 Bxe3 38. Rf3 Bf4 39. Re1 g5 40.
Re6 Qb8 41. Rxf6 b4 42. axb4 axb4 43. h4 bxc3 44. bxc3 Qb2+ 45. Rf2 Qxc3 46.
Rf3 Qc2+ 47. Rf2 Qe4+ 48. Kf1 0-1

[Event "XV C.to Mondiale seniores"]
[Site "Lignano Sabbiadoro ITA"]
[Date "2005.09.28"]
[Round "1"]
[White "Rosino, Antonio"]
[Black "Profaizer, Gino"]
[Result "1/2-1/2"]
[WhiteElo "2285"]
[BlackElo "2017"]
[PlyCount "40"]
[EventDate "2005.09.28"]

1. e4 c6 2. d3 d5 3. Nd2 e5 4. Ngf3 Bd6 5. d4 Nd7 6. exd5 cxd5 7. dxe5 Nxe5 8.
Bb5+ Nc6 9. O-O Nge7 10. Nb3 O-O 11. Nbd4 Bg4 12. Be3 Ne5 13. h3 Bh5 14. Re1 a6
15. Be2 Nc4 16. Bc1 Bc5 17. b3 Nd6 18. Bb2 Ne4 19. Nd2 Bg6 20. Nxe4 dxe4
1/2-1/2

[Event "XV C.to Mondiale seniores"]
[Site "Lignano Sabbiadoro ITA"]
[Date "2005.09.28"]
[Round "1"]
[White "Rotelli, Pietro"]
[Black "Ginsberger, Alexander"]
[Result "0-1"]
[WhiteElo "2001"]
[BlackElo "2276"]
[PlyCount "96"]
[EventDate "2005.09.28"]

1. d4 Nf6 2. Nf3 g6 3. c4 Bg7 4. Nc3 O-O 5. e4 d6 6. h3 e5 7. d5 Na6 8. Bg5 h6
9. Be3 Nc5 10. Nd2 a5 11. Be2 Ne8 12. Bxc5 dxc5 13. O-O f5 14. Bf3 Rb8 15. Qe2
Bd7 16. a4 b6 17. b3 Nf6 18. Rad1 Nh7 19. Rfe1 Qh4 20. Nf1 Ng5 21. Nh2 Rf7 22.
Rd3 Rbf8 23. Rf1 h5 24. Re3 Bh6 25. exf5 Bxf5 26. Rxe5 Bg7 27. Rxf5 Rxf5 28.
Nb5 Be5 29. g3 Nxh3+ 30. Kg2 Nf4+ 31. gxf4 Bxf4 32. Rh1 Qg5+ 33. Kf1 Bxh2 34.
Rxh2 Rxf3 35. Rg2 Qc1+ 36. Qe1 Qxe1+ 37. Kxe1 Kf7 38. Nxc7 Rxb3 39. Ne6 Re8 40.
Kd2 Kf6 41. Nf4 Re4 42. Nxg6 Rxc4 43. Nf8 Rxa4 44. Kc2 c4 45. Rg6+ Kf7 46. d6
Ra2+ 47. Kc1 Kxf8 48. d7 Rd3 0-1

[Event "XV C.to Mondiale seniores"]
[Site "Lignano Sabbiadoro ITA"]
[Date "2005.09.28"]
[Round "1"]
[White "Scarpellini, Felice"]
[Black "Hohler, Peter"]
[Result "1/2-1/2"]
[WhiteElo "1942"]
[BlackElo "2228"]
[PlyCount "51"]
[EventDate "2005.09.28"]

1. c4 e5 2. Nc3 d6 3. g3 Be6 4. d3 c6 5. Bg2 Qd7 6. e4 f5 7. f4 exf4 8. Bxf4
Nf6 9. Nge2 fxe4 10. Nxe4 Nxe4 11. Bxe4 Be7 12. Nc3 Bg4 13. Bf3 Bxf3 14. Qxf3
O-O 15. Qe2 Na6 16. O-O-O Rae8 17. Qd2 Nc7 18. Rhe1 b6 19. b4 Bd8 20. Rxe8 Rxe8
21. Re1 Rxe1+ 22. Qxe1 Ne6 23. Qe4 Nxf4 24. Qxf4 Bf6 25. Ne4 Be5 26. Qf3
1/2-1/2

[Event "XV C.to Mondiale seniores"]
[Site "Lignano Sabbiadoro ITA"]
[Date "2005.09.28"]
[Round "1"]
[White "Schumacher, Helmut"]
[Black "Gennari, Giuseppe"]
[Result "1-0"]
[WhiteElo "2119"]
[BlackElo "1619"]
[PlyCount "47"]
[EventDate "2005.09.28"]

1. d4 d5 2. Nc3 Nf6 3. Bg5 Nbd7 4. Nf3 e6 5. e4 dxe4 6. Nxe4 Be7 7. Nxf6+ Nxf6
8. Bd3 b6 9. Ne5 Qd5 10. f3 Rb8 11. c3 O-O 12. Bxf6 Bxf6 13. Be4 Qd6 14. Nc6
Rb7 15. Qe2 Bd7 16. Ne7+ Bxe7 17. Bxb7 c6 18. Ba6 b5 19. a4 b4 20. Bd3 Rb8 21.
O-O c5 22. Rfd1 Bc6 23. Qe5 Qd7 24. Qxb8+ 1-0

[Event "XV C.to Mondiale seniores"]
[Site "Lignano Sabbiadoro ITA"]
[Date "2005.09.28"]
[Round "1"]
[White "Schwertel, Johann"]
[Black "Klovans, Janis"]
[Result "0-1"]
[WhiteElo "2068"]
[BlackElo "2463"]
[PlyCount "98"]
[EventDate "2005.09.28"]

1. d4 Nf6 2. Nf3 e6 3. Bg5 h6 4. Bh4 c5 5. c3 cxd4 6. Nxd4 Nc6 7. e3 d5 8. Nd2
Be7 9. Be2 O-O 10. O-O e5 11. Nxc6 bxc6 12. Bg3 Bd6 13. Qc2 Be6 14. Rfd1 Nd7
15. e4 f5 16. exf5 Bxf5 17. Bd3 Bxd3 18. Qxd3 Nc5 19. Qc2 e4 20. Rf1 Bxg3 21.
hxg3 Qb6 22. Nb3 Nd3 23. Rab1 Rf6 24. Nd4 c5 25. Ne2 Raf8 26. f4 exf3 27. Qxd3
c4+ 28. Qd4 fxe2 29. Rxf6 Qxd4+ 30. cxd4 Rxf6 31. Re1 Ra6 32. a3 Re6 33. Kf2
Re4 34. Rxe2 Rxd4 35. Re7 Rd2+ 36. Re2 Rxe2+ 37. Kxe2 Kf7 38. Ke3 Ke6 39. Kd4
h5 40. a4 Kd6 41. a5 a6 42. Ke3 Ke5 43. Kf3 d4 44. Ke2 Ke4 45. g4 hxg4 46. g3
d3+ 47. Kd2 Kd4 48. Kc1 Ke3 49. Kd1 d2 0-1

[Event "XV C.to Mondiale seniores"]
[Site "Lignano Sabbiadoro ITA"]
[Date "2005.09.28"]
[Round "1"]
[White "Shestoperov, Aleksej"]
[Black "Gousseinov, Aguif"]
[Result "1-0"]
[WhiteElo "2432"]
[BlackElo "2066"]
[PlyCount "125"]
[EventDate "2005.09.28"]

1. Nf3 Nf6 2. c4 e6 3. d4 Bb4+ 4. Bd2 Qe7 5. g3 d5 6. Bg2 c6 7. O-O Bxd2 8.
Nbxd2 Nbd7 9. Qc2 O-O 10. Rfe1 Re8 11. Rad1 Nf8 12. e4 dxe4 13. Nxe4 Nxe4 14.
Qxe4 Bd7 15. h4 Red8 16. Ne5 Be8 17. c5 Nd7 18. Nc4 Nf6 19. Qe5 Bd7 20. Nd6
Rab8 21. b4 Ne8 22. Nc4 Qf6 23. Na5 a6 24. Nc4 Kf8 25. Qe4 Qg6 26. Qf4 Qf6 27.
Qe3 Nc7 28. Qd3 g6 29. Re3 Kg7 30. Rf3 Qe7 31. Nd6 Rf8 32. Re3 Qf6 33. Rde1 Nb5
34. Nc4 Rfd8 35. Ne5 Be8 36. Re4 Nc7 37. Qd2 Nd5 38. g4 Qe7 39. g5 Qc7 40. Ng4
a5 41. a3 axb4 42. axb4 b6 43. Re5 bxc5 44. Bxd5 Rxd5 45. Rxd5 cxd5 46. dxc5
Bd7 47. Qd4+ Kf8 48. Nf6 Bc6 49. Nxh7+ Kg8 50. Nf6+ Kf8 51. h5 gxh5 52. Nxh5 e5
53. Qh4 e4 54. Nf4 Qe5 55. Qh6+ Ke7 56. Nd3 Qe6 57. Qh4 Rg8 58. Nf4 Qf5 59. g6+
Qf6 60. Qg3 fxg6 61. b5 g5 62. Nh5 Qc3 63. Qxc3 1-0

[Event "XV C.to Mondiale seniores"]
[Site "Lignano Sabbiadoro ITA"]
[Date "2005.09.28"]
[Round "1"]
[White "Siegmund, Rainer"]
[Black "Badiale, Riccardo"]
[Result "1-0"]
[WhiteElo "2128"]
[BlackElo "1729"]
[PlyCount "67"]
[EventDate "2005.09.28"]

1. d4 Nf6 2. c4 g6 3. Nc3 Bg7 4. e4 d6 5. Nf3 O-O 6. Be2 e5 7. O-O Nc6 8. d5
Ne7 9. b4 Ne8 10. c5 f5 11. Nd2 Nf6 12. f3 Kh8 13. Nc4 a6 14. a4 Nh5 15. Re1 f4
16. Ba3 Nf6 17. cxd6 cxd6 18. b5 Ne8 19. Rb1 Qc7 20. Qb3 Bd7 21. Rec1 Nc8 22.
bxa6 bxa6 23. a5 Rf7 24. Na4 Qa7+ 25. Kh1 Bf8 26. Nab6 Rb8 27. Nxc8 Rxb3 28.
Nxa7 Ba4 29. Rxb3 Bxb3 30. Nc6 Ba4 31. Nb6 Bb5 32. Bxb5 axb5 33. a6 Nc7 34. a7
1-0

[Event "XV C.to Mondiale seniores"]
[Site "Lignano Sabbiadoro ITA"]
[Date "2005.09.28"]
[Round "1"]
[White "Somogyi, Istvan"]
[Black "Hasberger, Walter"]
[Result "1-0"]
[WhiteElo "2242"]
[BlackElo "1975"]
[PlyCount "49"]
[EventDate "2005.09.28"]

1. d4 d5 2. c4 c6 3. Nf3 Nf6 4. Nc3 Bf5 5. Qb3 Qb6 6. cxd5 Qxb3 7. axb3 Nxd5 8.
Nxd5 cxd5 9. Bf4 Nc6 10. e3 Nb4 11. Bb5+ Bd7 12. Bxd7+ Kxd7 13. Kd2 e6 14. Ne5+
Ke8 15. Rhc1 f6 16. Nd3 a6 17. Rc7 b5 18. Rac1 Nxd3 19. Kxd3 Be7 20. Rb7 g5 21.
Bg3 h5 22. Rc6 h4 23. Rxe6 hxg3 24. Rexe7+ Kd8 25. hxg3 1-0

[Event "XV C.to Mondiale seniores"]
[Site "Lignano Sabbiadoro ITA"]
[Date "2005.09.28"]
[Round "1"]
[White "Spassov, Liuben D."]
[Black "Frank, Albert"]
[Result "1-0"]
[WhiteElo "2396"]
[BlackElo "2050"]
[PlyCount "69"]
[EventDate "2005.09.28"]

1. d4 c5 2. d5 d6 3. c4 g6 4. e4 Bg7 5. Nc3 Nf6 6. f3 O-O 7. Bg5 a6 8. a4 b6 9.
Qd2 Re8 10. Nge2 Ra7 11. Ng3 e5 12. Bh6 Nh5 13. O-O-O Nf4 14. Bxg7 Kxg7 15. h4
Nd7 16. Nge2 Nxe2+ 17. Bxe2 Nf6 18. g3 Bd7 19. Rdf1 Nh5 20. Rhg1 b5 21. cxb5
axb5 22. axb5 Bh3 23. Rd1 Ra1+ 24. Kc2 Rxd1 25. Qxd1 Bd7 26. Qa1 f5 27. Qa6 Qb8
28. b6 Bc8 29. Qa7+ Qxa7 30. bxa7 Bb7 31. Bb5 Ra8 32. Ra1 Kf8 33. Bc6 Bxc6 34.
dxc6 Ke8 35. Nd5 1-0

[Event "XV C.to Mondiale seniores"]
[Site "Lignano Sabbiadoro ITA"]
[Date "2005.09.28"]
[Round "1"]
[White "Thieme, Hans"]
[Black "Araujo, Mario Augusto Reis Da Silva"]
[Result "1-0"]
[WhiteElo "2091"]
[BlackElo "1957"]
[PlyCount "97"]
[EventDate "2005.09.28"]

1. Nf3 c5 2. e3 Nc6 3. d4 cxd4 4. exd4 Nf6 5. Bd3 g6 6. O-O Bg7 7. Nc3 e6 8.
Bf4 d6 9. Nb5 Bf8 10. Re1 a6 11. Nc3 Nh5 12. Bg5 f6 13. Bd2 d5 14. a3 f5 15.
Bg5 Qd6 16. Ne2 Bg7 17. c4 O-O 18. c5 Qc7 19. g3 Bd7 20. Bc2 Rae8 21. Nf4 Nf6
22. Nd3 Nh5 23. Nde5 Nxe5 24. Nxe5 Bxe5 25. Rxe5 Nf6 26. f3 Kg7 27. Qd2 Ng8 28.
Bf4 Qc8 29. a4 h6 30. Ree1 Kh7 31. b4 Rf7 32. Bd3 g5 33. Be5 Ne7 34. b5 Ng6 35.
Bd6 Qa8 36. Kg2 Kg7 37. Qc3 Rc8 38. Qb4 Kf6 39. Re3 Be8 40. Qa5 Ne7 41. Qb6
axb5 42. Be5+ Kg6 43. Qxe6+ Kh7 44. Bxb5 Nc6 45. Bd3 Ne7 46. Bd6 Qa5 47. Bxe7
Qd2+ 48. Re2 Qb4 49. Bxf5+ 1-0

[Event "XV C.to Mondiale seniores"]
[Site "Lignano Sabbiadoro ITA"]
[Date "2005.09.28"]
[Round "1"]
[White "Thonig, Manfred"]
[Black "Wagman, Stuart"]
[Result "0-1"]
[WhiteElo "1836"]
[BlackElo "2142"]
[PlyCount "50"]
[EventDate "2005.09.28"]

1. f4 c5 2. b3 b6 3. e3 Bb7 4. Nf3 Nf6 5. Bb2 e6 6. Be2 Be7 7. O-O d6 8. Qe1
O-O 9. c4 Nc6 10. a3 Ne4 11. d3 Bf6 12. Nc3 Nxc3 13. Bxc3 Bxc3 14. Qxc3 Qe7 15.
e4 Rad8 16. Rae1 d5 17. exd5 exd5 18. Bd1 Qd6 19. cxd5 Qxd5 20. Re3 Ba6 21. Bc2
Nd4 22. Re5 Qxe5 23. Qd2 Nxf3+ 24. Rxf3 Qd4+ 25. Re3 Rfe8 0-1

[Event "XV C.to Mondiale seniores"]
[Site "Lignano Sabbiadoro ITA"]
[Date "2005.09.28"]
[Round "1"]
[White "Titz, Herbert"]
[Black "Jansa, Vlastimil"]
[Result "0-1"]
[WhiteElo "2079"]
[BlackElo "2511"]
[PlyCount "50"]
[EventDate "2005.09.28"]

1. e4 c5 2. Nf3 e6 3. d4 cxd4 4. Nxd4 Nf6 5. Bd3 Nc6 6. Nxc6 bxc6 7. O-O d5 8.
Nd2 Be7 9. Re1 O-O 10. e5 Nd7 11. c3 a5 12. Nf1 Ba6 13. Bc2 Qc7 14. Bf4 f5 15.
Qd2 Rab8 16. b3 Nc5 17. f3 h6 18. b4 axb4 19. cxb4 Nd7 20. a3 g5 21. Bg3 c5 22.
bxc5 Bxc5+ 23. Bf2 Rfc8 24. Ba4 Nxe5 25. Ne3 Nd3 0-1

[Event "XV C.to Mondiale seniores"]
[Site "Lignano Sabbiadoro ITA"]
[Date "2005.09.28"]
[Round "1"]
[White "Van den Berg, Adrianus M.J."]
[Black "Cleal, John"]
[Result "1-0"]
[WhiteElo "2298"]
[BlackElo "2035"]
[PlyCount "79"]
[EventDate "2005.09.28"]

1. e4 e5 2. Nf3 Nc6 3. Bb5 Bc5 4. O-O Nge7 5. c3 Bb6 6. d4 exd4 7. Nxd4 Nxd4 8.
cxd4 c6 9. Ba4 d5 10. exd5 Nxd5 11. Re1+ Be6 12. Nc3 O-O 13. Ne4 h6 14. Nc5 Qf6
15. Bc2 Rad8 16. Qd3 g6 17. Nxe6 fxe6 18. Bxh6 Bxd4 19. Rf1 Rf7 20. Qxg6+ Qxg6
21. Bxg6 Rfd7 22. Rab1 Bg7 23. Bxg7 Kxg7 24. Bc2 Kf6 25. Rfd1 Nb4 26. Bb3 Rxd1+
27. Rxd1 Rxd1+ 28. Bxd1 Nxa2 29. h4 Nb4 30. g4 b5 31. g5+ Kg7 32. h5 a5 33. h6+
Kg6 34. Bh5+ Kh7 35. Bg4 Nd5 36. Bxe6 Ne7 37. f4 Kg6 38. f5+ Kxg5 39. h7 Ng6
40. fxg6 1-0

[Event "XV C.to Mondiale seniores"]
[Site "Lignano Sabbiadoro ITA"]
[Date "2005.09.28"]
[Round "1"]
[White "Vasiukov, Evgeni A."]
[Black "Masich, Vladimir"]
[Result "1-0"]
[WhiteElo "2495"]
[BlackElo "2072"]
[PlyCount "57"]
[EventDate "2005.09.28"]

1. e4 e6 2. d4 d5 3. Nc3 dxe4 4. Nxe4 Nd7 5. Nf3 Be7 6. Bd3 Ngf6 7. Qe2 Nxe4 8.
Qxe4 Nf6 9. Qh4 Bd7 10. Ne5 c5 11. O-O cxd4 12. Qxd4 O-O 13. Bg5 Be8 14. Qh4 g6
15. f4 Nd5 16. Rf3 Bxg5 17. fxg5 Qb6+ 18. Kh1 Qxb2 19. Re1 Qb4 20. c4 f6 21.
Ref1 Ne7 22. Rh3 h5 23. gxf6 Nf5 24. Bxf5 exf5 25. Rg3 Qd6 26. Nxg6 Rxf6 27.
Nf4+ Kf8 28. Qg5 Bf7 29. Re1 1-0

[Event "XV C.to Mondiale seniores"]
[Site "Lignano Sabbiadoro ITA"]
[Date "2005.09.28"]
[Round "1"]
[White "Villing, Dieter"]
[Black "Cavatorta, Fosco"]
[Result "1/2-1/2"]
[WhiteElo "2259"]
[BlackElo "1985"]
[PlyCount "87"]
[EventDate "2005.09.28"]

1. e4 d6 2. d4 Nf6 3. Nc3 g6 4. f4 Bg7 5. e5 Nfd7 6. Nf3 O-O 7. Bd3 c5 8. exd6
exd6 9. O-O cxd4 10. Nb5 Qb6 11. a4 a6 12. a5 Qc5 13. b4 Qc6 14. Nbxd4 Qc3 15.
Nb3 Qxb4 16. Bd2 Bc3 17. Ng5 Bxd2 18. Nxd2 Nc5 19. Nc4 Nc6 20. Rb1 Qc3 21. Qe1
Qxe1 22. Rfxe1 h6 23. Ne4 Nxe4 24. Bxe4 Rd8 25. Bd5 Rb8 26. Bxc6 Be6 27. Bxb7
Bxc4 28. Rb6 Kf8 29. Reb1 Bb5 30. R1xb5 Rxb7 31. Rxb7 axb5 32. Rxb5 Ra8 33. Kf2
Ke7 34. Ke3 Kd7 35. Kd4 Kc6 36. c4 Ra6 37. g4 Ra7 38. h4 Kd7 39. h5 Kc6 40. Kc3
Re7 41. Kb3 Re4 42. a6 Re3+ 43. Kb2 Re2+ 44. Ka3 1/2-1/2

[Event "XV C.to Mondiale seniores"]
[Site "Lignano Sabbiadoro ITA"]
[Date "2005.09.28"]
[Round "1"]
[White "Wagner, Carl E."]
[Black "Haug, Sverre"]
[Result "1-0"]
[WhiteElo "2189"]
[BlackElo "1924"]
[PlyCount "63"]
[EventDate "2005.09.28"]

1. e4 e6 2. d3 d5 3. Nd2 Nf6 4. Ngf3 c5 5. g3 Nc6 6. Bg2 Bd6 7. O-O Qc7 8. exd5
Nxd5 9. Nc4 Be7 10. Re1 Bf6 11. Qe2 Bd7 12. c3 O-O 13. Ne3 Rfe8 14. Ng4 Qd8 15.
Nxf6+ Qxf6 16. Bg5 Qg6 17. Rad1 f6 18. Bc1 Nce7 19. d4 cxd4 20. Nxd4 Nf5 21.
Nxf5 Qxf5 22. c4 Nb6 23. Bxb7 Rab8 24. Bg2 Qc5 25. b3 a5 26. Be3 Qc7 27. Qd2
Red8 28. Qxa5 Nd5 29. Qxc7 Nxc7 30. Rd2 Kf7 31. Red1 Ke8 32. Ba7 1-0

[Event "XV C.to Mondiale seniores"]
[Site "Lignano Sabbiadoro ITA"]
[Date "2005.09.28"]
[Round "1"]
[White "Weinberg, Emanuele"]
[Black "Gerenski, Hristo"]
[Result "0-1"]
[WhiteElo "1927"]
[BlackElo "2192"]
[PlyCount "113"]
[EventDate "2005.09.28"]

1. d4 f5 2. c4 Nf6 3. g3 e6 4. Bg2 Be7 5. Nf3 O-O 6. O-O c6 7. b3 Qe8 8. Ne5 d6
9. Nd3 Nbd7 10. Nc3 e5 11. dxe5 Nxe5 12. Ba3 Nfd7 13. Nxe5 dxe5 14. Bxe7 Qxe7
15. Qc2 Nc5 16. a3 a5 17. Qb2 Be6 18. b4 Nd7 19. c5 e4 20. Nd1 axb4 21. axb4
Rxa1 22. Qxa1 b6 23. cxb6 Qxb4 24. Ne3 Qxb6 25. Rb1 Qc5 26. Rc1 Qb5 27. Qd4 Re8
28. Qd6 Nb8 29. Bf1 g6 30. Ng2 Bf7 31. e3 Qe5 32. Qb4 Qe7 33. Qb2 Qd6 34. Rb1
Nd7 35. Qc2 Ne5 36. Ne1 c5 37. Rd1 Qe7 38. Rc1 c4 39. Qa4 Rd8 40. Bxc4 Bxc4 41.
Rxc4 Nxc4 42. Qxc4+ Qf7 43. Qa4 Qd7 44. Qa6 Qd5 45. Qf6 Rc8 46. Qa1 Qc5 47. Qa6
Qc6 48. Qa2+ Kg7 49. Qa7+ Rc7 50. Qd4+ Qf6 51. Qd1 Kh6 52. Kg2 Qc6 53. Kh3 Rd7
54. Qe2 Qc3 55. Qb5 Rd2 56. Qb8 g5 57. Qd6+ 0-1

[Event "XV C.to Mondiale seniores"]
[Site "Lignano Sabbiadoro ITA"]
[Date "2005.09.28"]
[Round "1"]
[White "Zelkind, Simeon"]
[Black "Guaglianone, Mario"]
[Result "0-1"]
[WhiteElo "1868"]
[BlackElo "2155"]
[PlyCount "80"]
[EventDate "2005.09.28"]

1. e4 d6 2. d4 Nf6 3. Nc3 g6 4. f4 Bg7 5. Nf3 O-O 6. Bd3 Bg4 7. O-O Nc6 8. Be3
e5 9. fxe5 dxe5 10. dxe5 Nxe5 11. Be2 Nxf3+ 12. Bxf3 Be6 13. Qe2 c6 14. Rad1
Qa5 15. a3 Nd7 16. Qe1 Ne5 17. Be2 Nc4 18. Bc1 Nxa3 19. bxa3 Qxc3 20. Qxc3 Bxc3
21. Bg5 Be5 22. Be7 Rfe8 23. Bd6 Bxd6 24. Rxd6 Red8 25. Rfd1 Rxd6 26. Rxd6 Kf8
27. c4 c5 28. Kf2 Ke7 29. Rd2 Rd8 30. Rxd8 Kxd8 31. e5 Ke7 32. Kg3 b6 33. h4 h6
34. Kf4 f6 35. g3 g5+ 36. hxg5 hxg5+ 37. Ke4 f5+ 38. Kd3 Bd7 39. g4 Ke6 40.
gxf5+ Kxf5 0-1

[Event "XV C.to Mondiale seniores"]
[Site "Lignano Sabbiadoro ITA"]
[Date "2005.09.28"]
[Round "1"]
[White "Zhelesny, Stanislav"]
[Black "Neumann, Horst"]
[Result "1-0"]
[WhiteElo "2277"]
[BlackElo "2003"]
[PlyCount "61"]
[EventDate "2005.09.28"]

1. d4 d5 2. Nf3 Nf6 3. g3 Bg4 4. Ne5 Bh5 5. h3 Nbd7 6. Bg2 e6 7. c4 c6 8. Nc3
Nxe5 9. dxe5 Nd7 10. cxd5 cxd5 11. Qb3 Qb6 12. Qxb6 Nxb6 13. O-O Bb4 14. g4
Bxc3 15. bxc3 Bg6 16. Be3 Nc4 17. Bd4 O-O 18. h4 h6 19. f4 Rfe8 20. f5 exf5 21.
Bxd5 Rac8 22. Bxc4 Rxc4 23. gxf5 Bh5 24. Kf2 f6 25. e6 Rd8 26. e4 Be8 27. Rg1
Kf8 28. h5 b5 29. e5 Rcxd4 30. cxd4 Rxd4 31. Rad1 1-0

[Event "XV C.to Mondiale seniores"]
[Site "Lignano Sabbiadoro ITA"]
[Date "2005.09.29"]
[Round "2"]
[White "Acunzo, Domenico"]
[Black "Olsen, Willy L."]
[Result "1-0"]
[WhiteElo "1828"]
[BlackElo "2036"]
[PlyCount "75"]
[EventDate "2005.09.28"]

1. e4 c5 2. Nf3 Nc6 3. d4 cxd4 4. Nxd4 Nf6 5. Nc3 e5 6. Ndb5 d6 7. Bg5 a6 8.
Bxf6 gxf6 9. Na3 b5 10. Nd5 f5 11. c3 fxe4 12. Bxb5 axb5 13. Nxb5 Be7 14. Nbc7+
Kf8 15. Nxa8 h5 16. Nac7 Bg5 17. Qa4 Bd7 18. Qxe4 f5 19. Qc4 Rh6 20. h4 Be7 21.
Nxe7 Qxe7 22. Nd5 Qg7 23. g3 e4 24. O-O-O Ne5 25. Qe2 Ba4 26. Rd4 Qa7 27. Kb1
Be8 28. Qd2 Qg7 29. Qd1 Bb5 30. Nf4 Qc7 31. Qc1 Kg7 32. Rhd1 Bd3+ 33. Nxd3 exd3
34. Qg5+ Rg6 35. Qxh5 Qf7 36. f4 Nc4 37. R1xd3 Qb7 38. Rxc4 1-0

[Event "XV C.to Mondiale seniores"]
[Site "Lignano Sabbiadoro ITA"]
[Date "2005.09.29"]
[Round "2"]
[White "Araujo, Mario Augusto Reis Da Silva"]
[Black "Akopian, Gagik"]
[Result "0-1"]
[WhiteElo "1957"]
[BlackElo "2258"]
[PlyCount "80"]
[EventDate "2005.09.28"]

1. Nf3 d5 2. g3 c6 3. Bg2 Bf5 4. d3 Nf6 5. O-O h6 6. b3 e6 7. Bb2 Be7 8. Nbd2
O-O 9. c4 Nbd7 10. Rc1 a5 11. a3 Bh7 12. Rc2 Ne8 13. Ne1 Bf6 14. Qa1 Nd6 15. e4
dxe4 16. dxe4 Bxb2 17. Qxb2 Qe7 18. Nd3 Rfd8 19. Qc3 Ne8 20. a4 Nc5 21. Nxc5
Qxc5 22. Re1 Rd4 23. Qe3 Qd6 24. Qc3 Rd3 25. Qb2 Rd8 26. Nf1 Qb4 27. Rb1 Nf6
28. Re2 Bg6 29. h3 R8d4 30. f3 Nd7 31. Kh2 e5 32. f4 f6 33. fxe5 fxe5 34. Ne3
Rd2 35. Rxd2 Rxd2 36. Qa1 Nc5 37. Rd1 Bxe4 38. Re1 Qxb3 39. Kg1 Bxg2 40. Nxg2
Qxg3 0-1

[Event "XV C.to Mondiale seniores"]
[Site "Lignano Sabbiadoro ITA"]
[Date "2005.09.29"]
[Round "2"]
[White "Arkhangelsky, Boris"]
[Black "Loda', Domenico"]
[Result "1-0"]
[WhiteElo "2384"]
[BlackElo "1659"]
[PlyCount "69"]
[EventDate "2005.09.28"]

1. Nf3 c6 2. d4 d5 3. c4 e6 4. Nc3 Nf6 5. e3 h6 6. Bd3 dxc4 7. Bxc4 b5 8. Bd3
Bb7 9. e4 Be7 10. O-O Na6 11. Qe2 Nc7 12. a3 a6 13. b4 O-O 14. Bb2 Qd7 15. Ne5
Qd6 16. Rfd1 Rfd8 17. Nxf7 Kxf7 18. e5 Qd7 19. exf6 Bxf6 20. Ne4 Nd5 21. g3 a5
22. bxa5 Rxa5 23. Nc5 Qc8 24. Re1 Nc7 25. Qe4 Rh8 26. Qg4 Ba8 27. Bg6+ Ke7 28.
Bc3 Ra7 29. Bb4 Nd5 30. Rxe6+ Kd8 31. Rae1 Be7 32. Bf5 g5 33. Rxe7 Rxe7 34.
Rxe7 Nf6 35. Ba5+ 1-0